| 000 | 01064nam a22002777a 4500 | ||
|---|---|---|---|
| 003 | DO-SdBNP | ||
| 005 | 20210920102830.0 | ||
| 008 | 210216b2003 dr ||| 00| 0 spa d | ||
| 020 | _a9993433578 | ||
| 040 |
_aBPMSU _bspa. _cBPMSU |
||
| 082 |
_aRD861.44 _bM843t 2003 _222 |
||
| 100 | 1 |
_aMoreno Jimenes, Domingo _d1894 - 1986 |
|
| 245 | 1 | 4 |
_aLos triálogos : _b poesía a tres voces / _cDomingo Moreno Jimenes , Alberto Baeza Flores, Mariano Lebrón Saviñón ; editor Tomás Castro Burdiez |
| 260 |
_aSanto Domingo : _bEDUCARTE; _bLibrería la Trinitaria, _c2003. |
||
| 300 |
_a83 p. ; _c21 cm. |
||
| 500 | _aIncluye datos biográficos de los autores en la contracubierta | ||
| 590 | _6inventariado,2021/MC | ||
| 650 | 4 | _aPoesía dominicana contemporánea | |
| 650 | 4 | _aLiteratura dominicana contemporánea | |
| 700 | 1 | _aBaeza Flores, Alberto | |
| 700 | 1 | _a Lebrón Saviñón, Mariano | |
| 700 | 1 |
_aCastro Burdiez,Tomás _eed. |
|
| 710 | 2 | _aFundación para la Educación (República Dominicana) | |
| 910 | _aMCabrera /VMateo V. | ||
| 942 |
_2ddc _cBK |
||
| 999 |
_c13371 _d13371 |
||